2026 FIFA World Cup Teams - Statistics

General Stats
  • This quiz has been taken 47 times
    5 since last reset
  • The average score is 24 of 48
Answer Stats
Group Team % Correct
Group D United States
100%
Group J Algeria
50%
Group J Argentina
50%
Group D Australia
50%
Group J Austria
50%
Group G Belgium
50%
Group B Bosnia*
50%
Group C Brazil
50%
Group B Canada
50%
Group H Cape Verde
50%
Group K Colombia
50%
Group L Croatia
50%
Group E Curacao
50%
Group A Czech Republic
50%
Group K DR Congo
50%
Group E Ecuador
50%
Group G Egypt
50%
Group L England
50%
Group I France
50%
Group E Germany
50%
Group L Ghana
50%
Group G Iran
50%
Group I Iraq
50%
Group E Ivory Coast
50%
Group F Japan
50%
Group J Jordan
50%
Group A Mexico
50%
Group C Morocco
50%
Group F Netherlands
50%
Group G New Zealand
50%
Group I Norway
50%
Group L Panama
50%
Group D Paraguay
50%
Group K Portugal
50%
Group B Qatar
50%
Group H Saudi Arabia
50%
Group C Scotland
50%
Group I Senegal
50%
Group A South Africa
50%
Group A South Korea
50%
Group H Spain
50%
Group F Sweden
50%
Group B Switzerland
50%
Group F Tunisia
50%
Group D Turkey
50%
Group H Uruguay
50%
Group K Uzbekistan
50%
Group C Haiti
0%
No matching quizzes found
Score Distribution
Percent of People with Each Score
Percentile by Number Answered
Your Score History
You have not taken this quiz since the last reset